| 000 | 00353 a2200133 4500 | ||
|---|---|---|---|
| 020 | _a8171694608 | ||
| 082 | _a658.15 | ||
| 090 |
_c2495 _d2495 |
||
| 100 | _aDubey, V K | ||
| 245 |
_aCorporate Management _bCommonwelth Management library _cV K Dubey |
||
| 260 |
_aNew Delhi _bCommonwelth Publishers _c1997 |
||
| 300 | _a213 | ||
| 942 |
_aNBS _cBK _k658.15 DUB |
||
| 999 |
_c344992 _d344992 |
||